000 00558nam a2200217Ia 4500
003 OSt
005 20220926043823.0
006 a|||||r|||| 00| 0
007 ta
008 220923b |||||||| |||| 00| 0 eng d
037 _cGeneral Book
040 _aRTL
_cRTL
_beng
041 _2eng
_aeng
082 _aY:5.43, J9
100 _aThompson Warren S
_910786
245 0 _aPoulation and progress in the Far East
260 _c1959
650 _aDemography
942 _hY:5.43, J9
_cGB
_2CC
999 _c673287
_d673287